000 00470nam a2200205Ia 4500
005 20250425160827.0
008 250425s9999 xx 000 0 und d
020 _a9686062246
041 _aspa
082 _a600
100 _aPENDERED, NORMAN C.
245 0 _aARTES INDUSTRIALES EN LA EDUCACIÓN
250 _a1A ED.
260 _aMEXICO
260 _aMéxico
_bRSI
_c1970
300 _a447
650 _aARTES INDUSTRIALES
942 _c01
010 _a6265
999 _c196977
_d196977